00494 a2200157 4500010001400000020002300014035001300037037001600050082000800066100002000074245005700094260004500151270009200196300002800288500002000316 aENG-88719 a818997307Xc190.00 aEN-72252 bDBAD / PUB14a2301 aSardesai, V. S.1 aGovernance under Sanatana Dharma/cby V. S. Sardesai aNew DelhibReadworthy Publicationsc2008 aA-18, Mohan Garden, Near Nawada Metro StaionbNew Delhie110059minfo@readworthypub.com ax, 118 p.c22 cm. (Pbk) aIncludes index